| 000 | 00318nam a2200121Ia 4500 | ||
|---|---|---|---|
| 008 | 190216s9999||||xx |||||||||||||| ||und|| | ||
| 100 | _aAhluwalia. Vk And Sunita Shingra | ||
| 245 | 0 | _aComprehensive Practical Organic Chemistry | |
| 260 |
_bUniversity Press _c2000 |
||
| 300 | _a294p | ||
| 650 | _aChemistry | ||
| 942 | _cBK | ||
| 999 |
_c3031 _d3031 |
||